Australien-Richtig oder Falsch - Statistiken

Allgemein
  • Dieses Quiz wurde 161 mal gespielt
  • Das Durchschnittsergebnis liegt bei 6 aus 10
Antwortstatistiken
Frage Antwort % Korrekt
Die Hauptstadt ist Sydney Falsch
98%
Tasmanien gehört zu Australien Richtig
89%
Der Westen von Neuiguinea gehört zu Australien Falsch
82%
Koalas und Kängurus gibt es (natürlich) nur hier Richtig
82%
Melbournes Koordinaten sind: 37S 145O Richtig
67%
Australien hat nur 2 Städte, die mehr Einwohner haben als Deutschlands größte Stadt Richtig
67%
Australien hat 9 Territorien Falsch
62%
Australien ist eine Insel Falsch
44%
Australien hat halb soviele Großstädte oder mehr als Deutschland Falsch
42%
Australiens Amtssprache ist englisch Falsch
4%
Keine übereinstimmenden Quizze gefunden
Verteilung der Resultate
Anzahl Personen mit jedem Resultat
Perzentil nach korrekt beantworteten Fragen
Ihre Resultats-Entwicklung
Sie haben dieses Quiz noch nicht gespielt